000 00316nam a2200133Ia 4500
008 240624s9999 xx 000 0 und d
041 _aeng
082 _a175 WEE
100 _aWEEDEN CLARE
245 _aRESPONSIBLE TOURIST BEHAVIOUR
260 _c2013
_aLondon
_bRoutledge
300 _a162 : p.
365 _cGBP
_b28
999 _c22706
_d22706